ما يقال عن الإسلام / (Record no. 13931)
[ view plain ]
| 000 -LEADER | |
|---|---|
| fixed length control field | 00633nam a22001817a 4500 |
| 005 - DATE AND TIME OF LATEST TRANSACTION | |
| control field | 20220831100339.0 |
| 008 - FIXED-LENGTH DATA ELEMENTS--GENERAL INFORMATION | |
| fixed length control field | 100422t1963 xxu||||g |||| 000 0 arb d |
| 040 ## - CATALOGING SOURCE | |
| Original cataloging agency | EG-ScBUE |
| Transcribing agency | EG-ScBUE |
| 082 ## - DEWEY DECIMAL CLASSIFICATION NUMBER | |
| Edition number | 22 |
| Classification number | 297.29 |
| Item number | ع ق ا |
| 100 ## - MAIN ENTRY--PERSONAL NAME | |
| 9 (RLIN) | 8135 |
| Personal name | العقاد, عباس محمود. |
| 245 ## - TITLE STATEMENT | |
| Title | ما يقال عن الإسلام / |
| Statement of responsibility, etc | عباس محمود العقاد |
| 260 ## - PUBLICATION, DISTRIBUTION, ETC. (IMPRINT) | |
| Place of publication, distribution, etc | بيروت: |
| Name of publisher, distributor, etc | المكتبة العصرية ، [1963] |
| Date of publication, distribution, etc | [1963] |
| 300 ## - PHYSICAL DESCRIPTION | |
| Extent | 232؛ |
| Dimensions | 24 سم. |
| 500 ## - GENERAL NOTE | |
| General note | إهداء علاء عبد الغنى |
| 650 ## - SUBJECT ADDED ENTRY--TOPICAL TERM | |
| 9 (RLIN) | 14347 |
| Topical term or geographic name as entry element | الإسلام |
| General subdivision | دفع مطاعن |
| Source of heading or term | BUEsh |
| 651 ## - SUBJECT ADDED ENTRY--GEOGRAPHIC NAME | |
| Source of heading or term | BUEsh |
| 942 ## - ADDED ENTRY ELEMENTS (KOHA) | |
| Source of classification or shelving scheme | Dewey Decimal Classification |
| Item type | Book - Borrowing |
| Withdrawn status | Item status | Source of classification or shelving scheme | Damaged status | Not for loan | Vendor | Home library | Current library | Shelving location | Date acquired | Source of acquisition | Total Checkouts | Full call number | Barcode | Date last seen | Date last borrowed | Koha item type |
|---|---|---|---|---|---|---|---|---|---|---|---|---|---|---|---|---|
| Dewey Decimal Classification | Donation-Gift | Central Library | Central Library | Lower Floor | 22/04/2010 | Donation | 1 | 297.29 ع ق ا | 000020466 | 15/07/2025 | 17/11/2015 | Book - Borrowing |